Материалы заданий командной инженерной олимпиады школьников "Олимпиада Кружкового движения Национальной технологической инициативы" ... Т. 22: ... по профилю "Технологии беспроводной связи" (Запись № 12212558)

Подробности
000 -МАРКЕР
контрольное поле 03798nam2a2200433 4500
001 - ИДЕНТИФИКАТОР ЗАПИСИ
контрольное поле RU\NLR\BIBL_A\012497605
005 - ИДЕНТИФИКАТОР ВЕРСИИ
контрольное поле 20230109111217.0
010 ## - МЕЖДУНАРОДНЫЙ СТАНДАРТНЫЙ НОМЕР КНИГИ (ISBN)
Номер (ISBN) 978-5-00147-206-3
021 ## - НОМЕР ГОСУДАРСТВЕННОЙ РЕГИСТРАЦИИ
Код страны российская федерация
Номер КН-П-20-077555
Номер Листа государственной регистраци КН-П-20-5855
035 ## - ДРУГИЕ СИСТЕМНЫЕ НОМЕРА
Идентификатор записи (NLR Aleph) 012497605
100 ## - ДАННЫЕ ОБЩЕЙ ОБРАБОТКИ
Данные общей обработки 20210407d2020 u y0rusy50 ca
101 0# - ЯЗЫК РЕСУРСА
Язык текста, звукозаписи и т.д. русский
102 ## - СТРАНА ПУБЛИКАЦИИ ИЛИ ПРОИЗВОДСТВА
Страна публикации российская федерация
105 ## - ПОЛЕ КОДИРОВАННЫХ ДАННЫХ: ТЕКСТОВЫЕ МАТЕРИАЛЫ, МОНОГРАФИЧЕСКИЕ
Кодированные данные о монографическом текстовом документе a j 000zy
200 1# - ЗАГЛАВИЕ И СВЕДЕНИЯ ОБ ОТВЕТСТВЕННОСТИ
Основное заглавие ... по профилю "Технологии беспроводной связи"
Сведения, относящиеся к заглавию студентам и преподавателям направлений бакалавриата, относящихся к группам: 02.00.00 Компьютерные и информационные науки, 09.00.00 Информатика и вычислительная техника, 10.00.00 Информационная безопасность, 11. 00.00 Электроника, радиотехника и системы связи, 27.00.00 Управление в технических системах
Первые сведения об ответственности А. Г. Балахчи, О. И. Бернгард, И. С. Днепров [и др.]
210 ## - ПУБЛИКАЦИЯ, РАСПРОСТРАНЕНИЕ И ДР.
Дата издания, распространения и т.д. 2020
215 ## - ФИЗИЧЕСКАЯ ХАРАКТЕРИСТИКА
Специфическое обозначение материала и объем 166 с.
Другие сведения о физической характеристике табл.
300 ## - ОБЩИЕ ПРИМЕЧАНИЯ
Текст примечания На обороте тит.с. в макете загл. тома: Профиль "Технологии беспроводной связи"
300 ## - ОБЩИЕ ПРИМЕЧАНИЯ
Текст примечания Авт. указаны на обороте тит.с.
320 ## - ПРИМЕЧАНИЯ О НАЛИЧИИ В ДОКУМЕНТЕ БИБЛИОГРАФИИ / УКАЗАТЕЛЯ
Текст примечания Библиогр. в тексте
461 #0 - УРОВЕНЬ НАБОРА
Встроенное поле 001RU\NLR\BIBL_A\012493261
-- 2001#$aМатериалы заданий командной инженерной олимпиады школьников "Олимпиада Кружкового движения Национальной технологической инициативы" ...$e2019/20 учебный год$eучебно-методическое пособие$eв 28 томах$vТ. 22
Системный номер (АБИС) связанной записи 12190441
Автор Олимпиада Кружкового движения Национальной технологической инициативы (2019-2020 ; Москва и др.)
Место публикации Москва
Дата публикации 2020
Имя издателя, распространителя и т.д. Ваш формат
Сведения, относящиеся к заглавию 2019/20 учебный год : учебно-методическое пособие : в 28 томах
Заглавие Материалы заданий командной инженерной олимпиады школьников "Олимпиада Кружкового движения Национальной технологической инициативы" ...
Номер тома Т. 22
517 1# - ДРУГИЕ ВАРИАНТЫ ЗАГЛАВИЯ
Вариант заглавия Профиль "Технологии беспроводной связи"
517 1# - ДРУГИЕ ВАРИАНТЫ ЗАГЛАВИЯ
Вариант заглавия Технологии беспроводной связи
606 1# - НАИМЕНОВАНИЕ ТЕМЫ КАК ПРЕДМЕТ
Наименование темы Лабораторные стенды
Формальный подзаголовок Учебно-методические пособия для средней школы
Тематический подзаголовок Применение в радиотехнике
Системный номер авторитетной/нормативной записи 2473377
Идентификатор авторитетной/нормативной записи RU\NLR\AUTH\6601685759
606 1# - НАИМЕНОВАНИЕ ТЕМЫ КАК ПРЕДМЕТ
Наименование темы Радиосвязь
Формальный подзаголовок Учебно-методические пособия для средней школы
Тематический подзаголовок Олимпиады школьные
Системный номер авторитетной/нормативной записи 2483790
Идентификатор авторитетной/нормативной записи RU\NLR\AUTH\6601690714
606 1# - НАИМЕНОВАНИЕ ТЕМЫ КАК ПРЕДМЕТ
Наименование темы Математика
Формальный подзаголовок Учебно-методические пособия для средней школы
Тематический подзаголовок Олимпиады школьные
Системный номер авторитетной/нормативной записи 1534665
Идентификатор авторитетной/нормативной записи RU\NLR\AUTH\66668673
606 1# - НАИМЕНОВАНИЕ ТЕМЫ КАК ПРЕДМЕТ
Наименование темы Математика
Формальный подзаголовок Учебно-методические пособия для средней школы
Тематический подзаголовок Задачи
-- Решение
Системный номер авторитетной/нормативной записи 2078426
Идентификатор авторитетной/нормативной записи RU\NLR\AUTH\661254281
686 1# - ИНДЕКСЫ ДРУГИХ КЛАССИФИКАЦИЙ
Индекс З84я721-42
686 1# - ИНДЕКСЫ ДРУГИХ КЛАССИФИКАЦИЙ
Индекс З884.1я721-42
686 1# - ИНДЕКСЫ ДРУГИХ КЛАССИФИКАЦИЙ
Индекс В10я721-42
701 #1 - ИМЯ ЛИЦА - АЛЬТЕРНАТИВНАЯ ОТВЕТСТВЕННОСТЬ
Начальный элемент ввода Балахчи
Часть имени, кроме начального элемента ввода А. Г.
Расширение инициалов личного имени Анна Георгиевна
701 #1 - ИМЯ ЛИЦА - АЛЬТЕРНАТИВНАЯ ОТВЕТСТВЕННОСТЬ
Начальный элемент ввода Бернгард
Часть имени, кроме начального элемента ввода О. И.
701 #1 - ИМЯ ЛИЦА - АЛЬТЕРНАТИВНАЯ ОТВЕТСТВЕННОСТЬ
Начальный элемент ввода Днепров
Часть имени, кроме начального элемента ввода И. С.
942 ## - ДОПОЛНИТЕЛЬНЫЕ ЭЛЕМЕНТЫ ЗАПИСИ (АБИС)
Тип экземпляра АБИС Книга
980 ## - КОЛЛЕКЦИЯ
Название коллекции НБР
980 ## - КОЛЛЕКЦИЯ
Название коллекции Национальная библиография

Нет доступных экземпляров.